00733nam a22002291a 450000100060000000300080000600500170001400800410003103500200007203500140009204000330010604100080013908200220014724501230016926000450029230000230033750400190036065000230037965000170040270000390041970000450045829597BD-RjUL20211209051431.0140406s1951 enk 001 0 eng d a(BD-RjUL) 29682 a(BD-RjUL) aNZOCbengcNZOCdNUdBD-RjUL aeng04a155.508bSTU 195200aStudies in the social psychology of adolescence /cby J.E. Richardson ... [et al.] ; edited by Charlotte Mary Fleming. aLondon :bRoutledge & Kegan Paul,c1951. ax, 266 p. ;c23cm. aIncludes Index 0aSocial psychology. 0aAdolescence.1 aRichardson, Joan Elizabeth,d1915-1 aFleming, C. M.q(Charlotte Mary),d1894-